Understanding automotive electronics / (Record no. 183733)
[ view plain ]
| 000 -LEADER | |
|---|---|
| fixed length control field | 01185 a2200217 4500 |
| 003 - CONTROL NUMBER IDENTIFIER | |
| control field | Nust |
| 005 - DATE AND TIME OF LATEST TRANSACTION | |
| control field | 20230320105613.0 |
| 010 ## - LIBRARY OF CONGRESS CONTROL NUMBER | |
| LC control number | 88060681 |
| 040 ## - CATALOGING SOURCE | |
| Transcribing agency | Nust |
| 082 00 - DEWEY DECIMAL CLASSIFICATION NUMBER | |
| Classification number | 629.2,RIB |
| 100 1# - MAIN ENTRY--PERSONAL NAME | |
| Personal name | Ribbens, William B. |
| 9 (RLIN) | 67961 |
| 245 10 - TITLE STATEMENT | |
| Title | Understanding automotive electronics / |
| Statement of responsibility, etc. | William B. Ribbens, Norman P. Mansour ; with contributions by Gerald Luecke ... [et al.]. |
| 250 ## - EDITION STATEMENT | |
| Edition statement | 3rd ed. / |
| Remainder of edition statement | revised by William B. Ribbens. |
| 260 ## - PUBLICATION, DISTRIBUTION, ETC. | |
| Place of publication, distribution, etc. | Indianapolis, Ind., USA : |
| Name of publisher, distributor, etc. | H.W. Sams, |
| Date of publication, distribution, etc. | c1988. |
| 300 ## - PHYSICAL DESCRIPTION | |
| Extent | iv, 366 p. : |
| Other physical details | ill. ; |
| Dimensions | 23 cm. |
| 440 #0 - SERIES STATEMENT/ADDED ENTRY--TITLE | |
| Title | Sams understanding series |
| 9 (RLIN) | 105784 |
| 505 ## - FORMATTED CONTENTS NOTE | |
| Formatted contents note | Automotive Fundamentals (Page-1), The Systems Approach to Control and Instrumentation (Page-20), Electronics Fundamentals (Page-47), Microcomputer Instrumentation and Control (Page-73), Sensor and Actuators (Page-119), The Basics of Electronics Engine Control (Page-163), Digital Engine Control System (Page-199), Vehicle Motion Control (Page-239), Automotive Instrumentation (Page-263), Diagnostics (Page-297), Future Automotive Electrical Systems (Page-323). |
| 650 #0 - SUBJECT ADDED ENTRY--TOPICAL TERM | |
| Topical term or geographic name entry element | Automobiles |
| General subdivision | Electronic equipment. |
| 9 (RLIN) | 83852 |
| 700 1# - ADDED ENTRY--PERSONAL NAME | |
| Personal name | Mansour, Norman P. |
| 9 (RLIN) | 83896 |
| 942 ## - ADDED ENTRY ELEMENTS (KOHA) | |
| Source of classification or shelving scheme | |
| Koha item type | Book |
| Withdrawn status | Lost status | Source of classification or shelving scheme | Damaged status | Not for loan | Permanent Location | Current Location | Shelving location | Date acquired | Full call number | Barcode | Date last seen | Price effective from | Koha item type | Public note |
|---|---|---|---|---|---|---|---|---|---|---|---|---|---|---|
| Military College of Signals (MCS) | Military College of Signals (MCS) | General Stacks | 12/12/2016 | 629.2,RIB | MCS21618 | 12/08/2016 | 12/12/2016 | Book | Almirah No.74, Shelf No.6 |
